Good Years - ZAYN - Statistics

General Stats
  • This quiz has been taken 50 times
  • The average score is 277 of 320
Answer Stats
Answer % Correct
a
100%
all
100%
All
100%
anywhere
100%
be
100%
but
100%
good
100%
here
100%
I
100%
rather
100%
years
100%
and
97%
And
97%
I’d
97%
my
97%
The
97%
the
97%
of
94%
to
94%
To
94%
We
94%
we
94%
eyes
91%
close
88%
God
88%
pray
88%
we’re
88%
were
88%
we're
88%
hell
85%
see
85%
waste
85%
didn’t
82%
drugs
82%
for
82%
in
82%
no
82%
one
82%
so
82%
thousand
82%
tears
79%
Too
79%
too
79%
fighting
76%
much
76%
us
76%
when
76%
don’t
74%
say
74%
sorry
74%
What
74%
world
74%
alcohol
71%
crowd
71%
down
68%
as
65%
care
65%
loud
65%
me
65%
That
65%
change
62%
else
62%
just
62%
know
62%
screaming
62%
voices
62%
bring
59%
light
59%
Need
59%
Nothing
59%
Now
59%
now
59%
neither
56%
Neither
56%
show
56%
story
56%
wants
56%
whole
56%
feel
53%
Feel
53%
stars
53%
will
53%
worry
53%
bout
50%
chance
50%
dumb
50%
It’s
50%
meets
50%
without
50%
could
47%
high
47%
among
44%
day
44%
night
44%
numb
44%
wind
44%
damn
41%
deep
41%
inside
41%
alive
35%
pain
35%
breathe
32%
fire
32%
Hold
29%
Cuz
9%
No matching quizzes found
Score Distribution
Percent of People with Each Score
Percentile by Number Answered
Your Score History
You have not taken this quiz